000 00573nam a2200157 4500
999 _c15908
_d15908
008 201217b ||||| |||| 00| 0 eng d
022 _a0732-8435
082 _aDPer 657.05 C33 Sept - Mar 2015, v. 85 - 86
100 _aPorter, Jason C.
_942718
245 _aA refresher on accounting for leases:
_ba detailed example under the proposed guidance/
_cJason C. Porter.
260 _aNew York:
_bThe New York State Society of CPA,
_c©2015.
300 _av86 n1, pages 24-33:
_billustrations;
_c28 cm.
650 _aAccounting.
_942693
650 _a
_942712
942 _2ddc
_cPER